00836nam a2200217 a 450000500170000000800410001702000180005802000340007604000350011004100080014504400070015308200210016024501030018126000590028430000610034349000660040450000220047065000410049265000340053370000510056720180605085405.0140424s2012 ck a gr 00110 spa d a9789587530667 a9789587530582 (obra completa) aCO-BoBLA cCO-BoBLAdCO-BoIAVH0 aspa ack04a306.409861bP14h00aGran libro de la cocina colombiana / cInvestigación y recopilación Carlos Ordóñez Caicedo aBogotá (Colombia) : bMinisterio de Cultura, c2012. a435 páginas : bilustraciones a color ; c21 x 17 cm.0 aBiblioteca básica de cocinas tradicionales de Colombia ;v9 aIncluye índice.26aPreparación de alimentoszColombia26aAlimentoszColombiaySiglo XX1 aOrdóñez Caicedo, Carlosd1936-ecompilador